| 000 | 00824nam a2200217Ii 4500 | ||
|---|---|---|---|
| 003 | JO-AjNU | ||
| 008 | 230605s9999||||xx |||||||||||||| ||und|| | ||
| 017 | _a2010/11/4378 | ||
| 040 |
_aJO-AjNU _bara _erda _cJO-AjNU |
||
| 041 | _aara | ||
| 050 | 1 | 4 | _aHD30.23.2011 |
| 100 | 3 |
_aالشوابكة،عدنان عواد, _eauthor _930254 |
|
| 245 | 0 | 0 | _aدور نظم وتكنولوجيا المعلومات في اتخاذ القرارات الادارية |
| 250 | _aط1 | ||
| 264 | 3 | 1 | _aعمان:دار اليازوري العلمية للنشر والتوزيع،2011 |
| 300 | _a469ص | ||
| 336 |
_atext _btxt _2rdacontent |
||
| 337 |
_aunmediated _bn _2rdamedia |
||
| 338 |
_avolume _bnc _2rdacarrier |
||
| 650 | 4 |
_aنظم المعلومات الادارية-اتخاذ القرارات-معالجة بيانات _930255 |
|
| 999 |
_aA11972 _c15540 _d15540 |
||